Faith in history : Armenians rebuilding community
Αποθηκεύτηκε σε:
| Κύριος συγγραφέας: | |
|---|---|
| Μορφή: | Βιβλίο |
| Γλώσσα: | English |
| Δημοσίευση: |
Washington :
Smithsonian Institution Press,
c1997.
|
| Θέματα: | |
| Ετικέτες: |
Προσθήκη ετικέτας
Δεν υπάρχουν, Καταχωρήστε ετικέτα πρώτοι!
|
MARC
| LEADER | 00000cam a2200000 i 4500 | ||
|---|---|---|---|
| 001 | 1/807 | ||
| 008 | 000414s1997 wau| ||| |||| | eng|| | ||
| 020 | |a 1560986298 | ||
| 035 | |l 10059789 | ||
| 040 | |a GR-MyUa |b gre |e AACR2 | ||
| 041 | 0 | |a eng | |
| 082 | 7 | |a 909.0491996 |2 (22) | |
| 100 | 1 | |a Pattie, Susan Paul. | |
| 245 | 1 | 0 | |a Faith in history : |b Armenians rebuilding community / |c Susan Paul Pattie. |
| 260 | |a Washington : |b Smithsonian Institution Press, |c c1997. | ||
| 300 | |a xiv, 282 σ. : |b εικ. ; |c 24 εκ. | ||
| 504 | |a Περιλαμβάνει βιβλιογραφικές παραπομπές και ευρετήριο. | ||
| 650 | 0 | 0 | |a Armenians. |
| 852 | |a INST |b LESVOS |e 20000414 |h 909.0491992 PAT |p 005100020417 |q 005100020417 |t BK |y 0 | ||
| 901 | |a BIBL1-2000-1 | ||
| 970 | |a ΑΙΒΑΤΖΙΔΟΥ |b ΕΛΕΝΗ |z 2000/04/14 | ||